|
|
|
|
| LEADER |
00000nas a2200000 a 4500 |
| 001 |
ssj0001120 |
| 003 |
WaSeSS |
| 005 |
20200512172242.0 |
| 006 |
m d |
| 007 |
cr n |
| 008 |
970224d19971998maubr p s 0 a0eng c |
| 010 |
|
|
|a 98641602
|z sn 97038051
|
| 016 |
7 |
|
|a 000013136614
|2 AU
|
| 016 |
7 |
|
|a 018918905
|2 DE-101
|
| 016 |
7 |
|
|a 1396827-0
|2 DE-600
|
| 016 |
7 |
|
|a 9713270
|2 DNLM
|
| 016 |
7 |
|
|a SR0091702
|2 DNLM
|
| 022 |
|
|
|l 1096-3715
|y 1096-3715
|
| 035 |
|
|
|a (WaSeSS)ssj0001120
|
| 040 |
|
|
|a JNA
|b eng
|c JNA
|d MYG
|d NSD
|d IUL
|d OCL
|d NLM
|d AGL
|d DLC
|d MYG
|d NSD
|d DLC
|d NYG
|d CLU
|d SYS
|d IUL
|d CLU
|d AGL
|d OCLCQ
|d OCL
|d NLGGC
|d AGL
|d OCLCQ
|d HEBIS
|d GBVCP
|d OH@
|d SBM
|d OCLCF
|d OCLCQ
|d RDF
|d OCLCQ
|d OCLCA
|d AU@
|d OCLCA
|d ZQP
|d OCLCO
|d OCLCQ
|d WaSeSS
|
| 042 |
|
|
|a pcc
|a nsdp
|
| 050 |
0 |
0 |
|a T171
|b .M47
|
| 060 |
0 |
0 |
|a W1
|b TE211M
|
| 070 |
0 |
|
|a T1.T44
|
| 072 |
|
0 |
|a X600
|
| 082 |
0 |
0 |
|a 620
|2 13
|
| 210 |
0 |
|
|a MIT's technol. rev.
|
| 222 |
|
0 |
|a MIT's technology review
|
| 245 |
0 |
0 |
|a MIT's technology review
|h [electronic resource].
|
| 246 |
3 |
|
|a Massachusetts Institute of Technology's technology review
|
| 246 |
3 |
0 |
|a Technology review
|
| 260 |
|
|
|a Cambridge, MA :
|b Association of Alumni and Alumnae of the Massachusetts Institute of Technology,
|c ©1997-©1998.
|
| 310 |
|
|
|a Bimonthly,
|b <Jan./Feb. 1998>-Mar./Apr. 1998
|
| 321 |
|
|
|a Eight no. a year,
|b Feb./Mar. 1997-<Aug./Sept. 1997>
|
| 362 |
0 |
|
|a Vol. 100, no. 2 (Feb./Mar. 1997)-v. 101, no. 2 (Mar./Apr. 1998).
|
| 500 |
|
|
|a Title from cover.
|
| 506 |
|
|
|a License restrictions may limit access.
|
| 650 |
|
0 |
|a Technology
|v Periodicals.
|
| 650 |
0 |
2 |
|a Technology.
|
| 650 |
|
7 |
|a Technology.
|2 fast
|0 (OCoLC)fst01145078
|
| 650 |
1 |
7 |
|a Technologie.
|2 gtt
|
| 650 |
|
7 |
|a Technologie.
|2 stw
|
| 650 |
|
7 |
|a Welt.
|2 stw
|
| 650 |
|
7 |
|a USA.
|2 stw
|
| 653 |
0 |
3 |
|a 08MEC.
|
| 655 |
|
0 |
|a Electronic journals.
|
| 710 |
2 |
|
|a Massachusetts Institute of Technology.
|
| 710 |
2 |
|
|a MIT Alumni/ae Association.
|
| 780 |
0 |
0 |
|t Technology review
|x 0040-1692
|w (DLC) 17020957
|w (OCoLC)1767230
|
| 785 |
0 |
0 |
|t Technology review (Cambridge, Mass. : 1998)
|x 1099-274X
|w (DLC) 98640948
|w (OCoLC)39058693
|
| 850 |
|
|
|a DLC
|a DNAL
|a DNLM
|a InU
|a MCM
|a N
|
| 853 |
2 |
0 |
|8 1
|a v.
|b no.
|u 6
|v r
|i (year)
|j (month/month)
|w b
|
| 856 |
4 |
0 |
|z Full text available from Research Library: 02/01/1997 to 04/30/1998
|u https://search.proquest.com/publication/35850
|
| 863 |
4 |
1 |
|8 1.1
|a 100
|b 2
|i 1997
|j 02/03
|